University Home | Library Home | Institutional Repository

Im Reich des Muata Jamwo : (Record no. 196939)

MARC details
000 -LEADER
fixed length control field 00911cam8a220021700 4500
001 - CONTROL NUMBER
control field tmp15416156
003 - CONTROL NUMBER IDENTIFIER
control field UPRA
005 - DATE AND TIME OF LATEST TRANSACTION
control field 20190830121146.0
008 - FIXED-LENGTH DATA ELEMENTS--GENERAL INFORMATION
fixed length control field 950809r19771880gw ger u
035 ## - SYSTEM CONTROL NUMBER
System control number (Sirsi) r29182
035 ## - SYSTEM CONTROL NUMBER
System control number (UPRA)tmp15416156
040 ## - CATALOGING SOURCE
Transcribing agency UPRA
100 1# - MAIN ENTRY--PERSONAL NAME
Personal name Pogge, Paul.
Linkage A93508.1
245 10 - TITLE STATEMENT
Title Im Reich des Muata Jamwo :
Remainder of title Tagebuch meiner im Auftrage der deutschen Gesellschaft Zur Erforschung Aequatorial-Afrika's in die Lunda-Staaten unternommenen Reise.
260 ## - PUBLICATION, DISTRIBUTION, ETC.
Place of publication, distribution, etc. Berlin :
Name of publisher, distributor, etc. D. Reimer,
Date of publication, distribution, etc. 1880.
440 #0 - SERIES STATEMENT/ADDED ENTRY--TITLE
Title Beitrage Zur Entdeckungs geschichte Afrika's. Drittes Heft
Name of part/section of a work Beitrage Zur Entdeckungs geschichte Afrika's. Drittes Heft
Linkage S14124.1
500 ## - GENERAL NOTE
General note Reprinted by Kraus reprint in 1977.
651 #0 - SUBJECT ADDED ENTRY--GEOGRAPHIC NAME
Geographic name Africa, Central -- Description and travel.
General subdivision Africa, Central -- Description and travel.
Linkage S3303.1
949 ## - LOCAL PROCESSING INFORMATION (OCLC)
a DT639
w lcc
i -31860
m MAIN
t BOOK
l ON-SHELF

No items available.

© 2026 - The University of Zambia Library - Koha v25.11